| 000 | 00513cam a22002055a 4500 | ||
|---|---|---|---|
| 001 | 12786720 | ||
| 003 | OSt | ||
| 005 | 20230728125337.0 | ||
| 008 | 020523s2001 nyua a 000 1 eng | ||
| 010 | _a 2002282399 | ||
| 020 | _a978-1-78557-651-5 | ||
| 050 | 0 | 0 |
_aPZ 7 _b.M44 2015 |
| 245 | 1 | 0 |
_aMegaboy _cCunliffe, Ian |
| 260 |
_aChina _bIgloo books _cC2015 |
||
| 300 |
_bcol. ill. ; _c26 cm. |
||
| 650 | 1 |
_aLeaves _vFiction. _920824 |
|
| 650 | 1 |
_aSchools _vFiction. _920825 |
|
| 942 |
_2lcc _cBK |
||
| 999 |
_c11648 _d11648 |
||